000 01256cad a22002295a 4500
001 E148123
008 090731s2009 xxkd f s 000 0 eng d
035 _a(Sirsi) u148123
041 0 _aeng
050 0 4 _a333.337 $2 18
110 2 _aSavills Project Consultancy
_95857
245 0 0 _aCommercial development activity
_bJuly 2009
_h[electronic resource]
260 _aLondon
_bSavills
_c2009
490 0 _aSavills UK Commercial Development Activity
_vJuly 2009
520 _aReports that June saw the fastest fall in commercial development activity for three months, with over 27% of those surveyed reporting a fall in activity and only 14.3% reporting a rise. The Total Commercial Development Activity Index stood at -13.6% in June, however the average index figure for Q2 2009 was higher than at any time since Q4 2007 and commercial developers showed optimism over the three-month outlook.
590 _aKA
650 2 4 _aSAVILLS UK COMMERCIAL DEVELOPMENT ACTIVITY PMI
651 4 _aUnited Kingdom
_y
690 _aPROPERTY-COMMERCIAL PROPERTY-COMMERCIAL PROPERTY MARKET
856 4 0 _uhttps://www.savills.com/research-archive/uk-commercial-development-activity-report-july-2009.pdf
_zView this report free of charge at www.savills.com
942 _n0
999 _c109893
_d109893